Znovu zamilovaný Jude Law

Bibliographic Details
Format: Article
Language:Slovak
PhysicalDescription:Fotogr.
ISSN:1335-2776
Subjects:

MARC

LEADER 00000nab a2200000 a 4500
001 vtls000870828
003 SK-MaSNL
005 20260303192317.0
008 160321c2004 xo 0 slo
015 |a SNBRB2004/04-12902 
035 |a CLN000222380 
040 |a SNKBUCL  |b slo  |c SNKBUCL  |e AACR2 
041 0 |a slo 
044 |a xo  |c SK 
080 |a 791.44.071.2  |2 UDC-MRF-SK2 
080 |a 929 Law, Jude  |2 UDC-MRF-SK2 
245 0 0 |a Znovu zamilovaný  |b Jude Law  |c spracovala (mar) 
300 |b Fotogr. 
600 1 7 |a Law, Jude,  |d 1972-  |2 snkbucl  |9 196460 
655 7 |a články z novín a časopisov  |2 snkbucl  |9 267496 
773 0 |x 1335-2776  |t Markíza  |g Roč. 7, č. 16 (2004), s. 24-25 
850 |a Slovenská národná knižnica v Martine 
852 |a SNK  |b KIS3GCP 
958 |a BC 
958 |a GB 
999 |c 2145503  |d 2147433